| 000 | 01343cab a22002415a 4500 | ||
|---|---|---|---|
| 001 | L141664 | ||
| 008 | 071211e20071208xxk f 000 0 eng d | ||
| 035 | _a(Sirsi) u141664 | ||
| 041 | 0 | _aeng | |
| 100 | 1 | _aBriant, Julian | |
| 245 | 0 | 0 | _aLaughing all the way to the bank |
| 260 | _c2007 | ||
| 490 |
_aEstates Gazette _v(0749) 8 December 2007, 100(1) |
||
| 520 | _aConsiders the process of serving notices in regard of residential leasehold enfranchisement. Delays or incorrectly served notices can have serious unintended effects. Examines the recent case of Sinclair Gardens Investments v Poets Chase Freehold Co Ltd (L139826). This showed that notices served under section 13 of the Leasehold Reform, Housing and Urban Development Act 1993 which fail irretrievably need not be withdrawn. Tenants can therefore serve a fresh notice immediately. | ||
| 590 | _aKA | ||
| 650 | 2 | 4 | _aLEASEHOLD REFORM ACT 1967 |
| 650 | 2 | 4 | _aLEASEHOLD REFORM, HOUSING AND URBAN DEVELOPMENT ACT 1993 S13 |
| 650 | 2 | 4 | _aSINCLAIR GARDENS INVESTMENTS (KENSINGTON) LTD V POETS CHASE FREEHOLD COMPANY LTD |
| 650 | 2 | 4 | _aMANNAI INVESTMENT CO LTD V EAGLE STAR LIFE ASSURANCE CO LTD UK |
| 651 | 4 |
_aUnited Kingdom _y |
|
| 690 | _aPROPERTY-RESIDENTIAL PROPERTY-RESIDENTIAL LANDLORD AND TENANT-RESIDENTIAL LEASES-RESIDENTIAL LEASEHOLD ENFRANCHISEMENT | ||
| 942 | _n0 | ||
| 999 |
_c79565 _d79565 |
||